| 000 | 00836nam a22002177a 4500 | ||
|---|---|---|---|
| 008 | 090202t xxu||||| |||| 00| 0 eng d | ||
| 010 | _aENG-92752 | ||
| 020 |
_a9788190772006 _c100.00 |
||
| 035 | _aEN-76285 | ||
| 037 | _bDBAD / PUB | ||
| 040 |
_adpl _bEnglish |
||
| 082 | _a303.4833 | ||
| 100 | _aPoonkothai, R. | ||
| 245 |
_aInformation age from print to portal / _cby R. Poonkothi |
||
| 260 |
_aTrichy _bRasakumaran Pathippagam, _c2007 |
||
| 270 |
_aNo.4, Kurinji Salai, Annmalai Nagar, _bTrichy _e18 |
||
| 300 |
_aiv, 93p.: _c21cm (pbk) _bill. |
||
| 500 | _aIncludes references and glossary | ||
| 942 |
_2ddc _cEN _mPOO _h303.4833 |
||
| 999 |
_c22852 _d22852 |
||